000 00520nam a22001697a 4500
005 20250117140435.0
008 250117b |||||||| |||| 00| 0 eng d
020 _a0070520003
050 _aQR61.5
_b.M57
245 _aMicrobiology/
_bPreTest Self-Assessment and Review
_cedited by Richard C. Tilton, Raymond W. Ryan
250 _a7th ed.
260 _aNew York
_bMcGraw-Hill, Inc.
_c1993
300 _avii. 181p.
_bill.
_c21cm
700 _aTilton, Richard C.
700 _aRyan, Raymond W.
942 _2lcc
_cBK
_e7th ed.
_n0
999 _c2636
_d2636